000 00447nam a2200157Ia 4500
005 20250317012345.0
008 240331s9999 xx 000 0 und d
020 _a955952427X
082 _bDEM
_a800
100 _aDe Mel,L.P
245 0 _aBadu ugas gannage birinda saha thawath japan keti katha
260 _aBorelsgamuwa
_bPrapputha Publishers ( Pvt) Ltd
_c1990
300 _a129 p .,
650 _aJapanese Translated Short Stories
942 _cL
999 _c5229
_d5229